000 00559nam a2200181 i 4500
001 57836
003 ES-MaACL
005 20250902063054.0
007 t|
008 031020s1967 sp ||||1| spa d
100 1 _aDubois, Marguerite
_945774
245 1 0 _aGeneraciones en conflicto /
_cMargarita Dubois ; traducción de Pepita Castillo.
260 _aMadrid :
_bStudium,
_c[1967] (
_fBolaños y Aguilar)
300 _a122 p. ;
_c20 cm.
700 1 _aCastillo, Josefa.
_9174322
852 _aES-MaACL
_jC-32619
_bR.62870
999 _c57836
_d57836